[Event "Senta op-B 16th"]
[Site "Senta"]
[Date "2012.07.16"]
[Round "4"]
[White "Milivojevic, Jelena"]
[Black "Holobica, Laszlo"]
[Result "1-0"]
[WhiteElo "2011"]
[BlackElo "1678"]
[PlyCount "67"]
[EventDate "2012.07.14"]
[EventType "swiss"]
[EventRounds "9"]
[EventCountry "SRB"]
[SourceTitle "CBM 149 Extra"]
[Source "ChessBase"]
[SourceDate "2012.08.24"]
[SourceVersion "1"]
[SourceVersionDate "2012.08.24"]
[SourceQuality "1"]

1. d4 d5 2. c4 c6 3. Nf3 Nf6 4. Qb3 e6 5. Nc3 Nbd7 6. Bf4 h6 7. h3 Be7 8. e3 0-0 9. Be2 dxc4 10. Bxc4 Nb6 11. Be2 Nbd5 12. Bh2 Qa5 13. 0-0 Nxc3 14. bxc3 Nd5 15. Rfc1 Nb6 16. a4 c5 17. Ne5 cxd4 18. cxd4 Qb4 19. Qxb4 Bxb4 20. a5 Nd5 21. Nd3 Be7 22. Nc5 Bxc5 23. dxc5 Bd7 24. Rab1 Bc6 25. Bd6 Rfc8 26. Bb5 Bxb5 27. Rxb5 b6 28. c6 bxa5 29. Rxa5 Nb6 30. c7 f6 31. Be7 Re8 32. Bd8 Kf7 33. Rca1 Nc8 34. Rb1 1-0